Die Grenzen der mittelbaren Täterschaft: eine Untersuchung zur Problematik der eigenhändigen Delikte und der Sonderstraftaten
| Main Author: | |
|---|---|
| Format: | Print Book |
| Language: | German |
| Published: |
[Erscheinungsort nicht ermittelbar]
1965
|
| In: | Year: 1965 |
| Availability in Tübingen: | Present in Tübingen. UB: US 67.2351 |
| Availability in Albert-Krebs Library: | LE.00.014 2003-1220 |
| Check availability: | HBZ Gateway |
| Subito Delivery Service: | Order now. |
| Keywords: |
MARC
| LEADER | 00000cam a22000002c 4500 | ||
|---|---|---|---|
| 001 | 1075088305 | ||
| 003 | DE-627 | ||
| 005 | 20260206195429.0 | ||
| 007 | tu | ||
| 008 | 850101s1965 xx ||||| m 00| ||ger c | ||
| 016 | 7 | |a 481298029 |2 DE-101 | |
| 035 | |a (DE-627)1075088305 | ||
| 035 | |a (DE-603)204266246 | ||
| 035 | |a (DE-576)005088305 | ||
| 035 | |a (DE-599)BSZ005088305 | ||
| 035 | |a (OCoLC)310792092 | ||
| 035 | |a (OCoLC)73994484 | ||
| 035 | |a (DE-604)8031855385 | ||
| 040 | |a DE-627 |b ger |c DE-627 |e rakwb | ||
| 041 | |a ger | ||
| 084 | |a 2,1 |2 ssgn | ||
| 084 | |a PH 3160 |2 rvk |0 (DE-625)rvk/136034: | ||
| 100 | 1 | |a Schneider, Hannelies |d 1937- |0 (DE-588)1145524346 |0 (DE-627)1006631518 |0 (DE-576)162947739 |4 aut | |
| 109 | |a Schneider, Hannelies 1937- | ||
| 245 | 1 | 4 | |a Die Grenzen der mittelbaren Täterschaft |b eine Untersuchung zur Problematik der eigenhändigen Delikte und der Sonderstraftaten |c Hannelies Schneider |
| 264 | 1 | |a [Erscheinungsort nicht ermittelbar] |c 1965 | |
| 300 | |a XIII, 127 S. | ||
| 336 | |a Text |b txt |2 rdacontent | ||
| 337 | |a ohne Hilfsmittel zu benutzen |b n |2 rdamedia | ||
| 338 | |a Band |b nc |2 rdacarrier | ||
| 502 | |a Marburg, Univ., Diss., 1965 | ||
| 583 | 1 | |a Archivierung/Langzeitarchivierung gewährleistet |f SSG |x XA-DE-BW |2 pdager |5 DE-21 | |
| 650 | 4 | |a Straftat |7 (dpeaa)DE-2619 | |
| 650 | 4 | |a Täter |7 (dpeaa)DE-2619 | |
| 650 | 4 | |a Täterschaft |7 (dpeaa)DE-2619 | |
| 650 | 4 | |a Mittelbare Täterschaft |7 (dpeaa)DE-2619 | |
| 655 | 7 | |a Hochschulschrift |0 (DE-588)4113937-9 |0 (DE-627)105825778 |0 (DE-576)209480580 |2 gnd-content | |
| 689 | 0 | 0 | |d s |0 (DE-588)4151170-0 |0 (DE-627)105547778 |0 (DE-576)209785977 |a Eigenhändiges Delikt |2 gnd |
| 689 | 0 | 1 | |d s |0 (DE-588)4184327-7 |0 (DE-627)105295922 |0 (DE-576)210024925 |a Täterschaft |2 gnd |
| 689 | 0 | 2 | |d s |0 (DE-588)4181797-7 |0 (DE-627)105315257 |0 (DE-576)210007060 |a Sonderdelikt |2 gnd |
| 689 | 0 | |5 DE-101 | |
| 689 | 1 | 0 | |d s |0 (DE-588)4184327-7 |0 (DE-627)105295922 |0 (DE-576)210024925 |a Täterschaft |2 gnd |
| 689 | 1 | 1 | |d s |0 (DE-588)4151170-0 |0 (DE-627)105547778 |0 (DE-576)209785977 |a Eigenhändiges Delikt |2 gnd |
| 689 | 1 | |5 (DE-627) | |
| 689 | 2 | 0 | |d s |0 (DE-588)4184327-7 |0 (DE-627)105295922 |0 (DE-576)210024925 |a Täterschaft |2 gnd |
| 689 | 2 | 1 | |d s |0 (DE-588)4181797-7 |0 (DE-627)105315257 |0 (DE-576)210007060 |a Sonderdelikt |2 gnd |
| 689 | 2 | |5 (DE-627) | |
| 689 | 3 | 0 | |d s |0 (DE-588)4184327-7 |0 (DE-627)105295922 |0 (DE-576)210024925 |a Täterschaft |2 gnd |
| 689 | 3 | |5 (DE-627) | |
| 751 | |a Marburg |0 (DE-588)4037446-4 |0 (DE-627)106237454 |0 (DE-576)209024305 |4 uvp | ||
| 935 | |a mkri | ||
| 935 | |h HEB |i 0501 | ||
| 935 | |h HEB |i 0503 | ||
| 936 | r | v | |a PH 3160 |b Täterschaft und Teilnahme |k Rechtswissenschaft |k Strafrecht, Strafverfahrensrecht, Kriminologie |k Strafrecht |k Besondere Strafbarkeitsvoraussetzungen; Konkurrenzen |k Täterschaft und Teilnahme |0 (DE-627)1271956144 |0 (DE-625)rvk/136034: |0 (DE-576)201956144 |
| 936 | s | n | |a p100 |2 mzub |
| 951 | |a BO | ||
| ELC | |b 1 | ||
| LOK | |0 000 xxxxxcx a22 zn 4500 | ||
| LOK | |0 001 2038632847 | ||
| LOK | |0 003 DE-627 | ||
| LOK | |0 004 1075088305 | ||
| LOK | |0 005 20050727000000 | ||
| LOK | |0 008 050727||||||||||||||||ger||||||| | ||
| LOK | |0 040 |a DE-21 |c DE-627 |d DE-21 | ||
| LOK | |0 852 |a DE-21 | ||
| LOK | |0 852 1 |c US 67.2351 |9 00 | ||
| LOK | |0 935 |a pro7 |a konv | ||
| LOK | |0 939 |a 27-07-05 |b l01 | ||
| LOK | |0 000 xxxxxcx a22 zn 4500 | ||
| LOK | |0 001 2038632723 | ||
| LOK | |0 003 DE-627 | ||
| LOK | |0 004 1075088305 | ||
| LOK | |0 005 19951009000000 | ||
| LOK | |0 008 951009||||||||||||||||ger||||||| | ||
| LOK | |0 040 |a DE-Frei85 |c DE-627 |d DE-Frei85 | ||
| LOK | |0 852 |a DE-Frei85 | ||
| LOK | |0 852 1 |m p |9 00 | ||
| LOK | |0 938 |k p | ||
| LOK | |0 939 |a 09-10-95 |b l01 | ||
| LOK | |0 000 xxxxxcx a22 zn 4500 | ||
| LOK | |0 001 4196263402 | ||
| LOK | |0 003 DE-627 | ||
| LOK | |0 004 1075088305 | ||
| LOK | |0 005 20221011150640 | ||
| LOK | |0 008 221011||||||||||||||||ger||||||| | ||
| LOK | |0 035 |a (DE-2619)k04104 | ||
| LOK | |0 040 |a DE-2619 |c DE-627 |d DE-2619 | ||
| LOK | |0 092 |o n | ||
| LOK | |0 541 |e Bestand Albert-Krebs-Bibliothek: 2003-1220 | ||
| LOK | |0 852 |a DE-2619 | ||
| LOK | |0 852 1 |c LE.00.014 |m p |9 00 | ||
| LOK | |0 935 |a kreb | ||
| LOK | |0 938 |k p | ||
| LOK | |0 939 |a 11-10-22 |b l01 | ||
| ORI | |a SA-MARC-krimdoka001.raw | ||
| SIG | |a UB: US 67.2351 | ||
